| 000 | 00380nam a2200145Ia 4500 | ||
|---|---|---|---|
| 005 | 20250729165650.0 | ||
| 008 | 250729s2007 xx 000 0 und d | ||
| 041 | _akan | ||
| 082 | _a370.15 OBAS | ||
| 100 |
_aDr.R.Obalesha Gatty _9230057 |
||
| 245 | _aShykshanikha Manovijnana | ||
| 260 |
_aGadaga _bVidhyanidhi Prakashan _c2007 |
||
| 300 | _a396p | ||
| 650 |
_aPsychology _9230058 |
||
| 999 |
_c238591 _d238591 |
||